[Event "45th Rilton Cup 2015-16"]
[Site "Stockholm SWE"]
[Date "2016.01.02"]
[Round "6.45"]
[White "Rothen, Hakan"]
[Black "Nilsson, Joakim 2000"]
[Result "0-1"]
[WhiteTitle "FM"]
[WhiteElo "2297"]
[BlackElo "2091"]
[WhiteFideId "1700723"]
[BlackFideId "1723383"]
[EventDate "2015.12.27"]

1. d4 Nf6 2. c4 e6 3. Nc3 Bb4 4. e3 O-O 5. Bd3 c5 6. Ne2 Nc6 7. O-O d5 8. a3
Bxc3 9. bxc3 b6 10. cxd5 exd5 11. a4 Re8 12. Ba3 c4 13. Bc2 Bg4 14. Qe1 Qd7 15.
Bc1 Bf5 16. Bd1 Bd3 17. Qd2 Na5 18. Re1 h6 19. Qb2 Bh7 20. f3 Nb7 21. Ng3 Nd6
22. a5 b5 23. Bc2 Bxc2 24. Qxc2 b4 25. cxb4 Nb5 26. Rd1 h5 27. Ne2 Qd6 28. Rb1
Rab8 29. Nc3 h4 30. Nxb5 Rxb5 31. Bd2 h3 32. Re1 hxg2 33. Bc3 Qe6 34. Kxg2 g6
35. Re2 Nh5 36. Rbe1 Kg7 37. Bd2 Rh8 38. e4 Ng3 39. hxg3 Qh3+ 40. Kf2 Qh2+ 41.
Ke3 Qh6+ 42. f4 Qh3 43. Rg1 Qg4 44. Reg2 Rb7 45. e5 f6 46. Be1 fxe5 47. fxe5 Rf8
48. Rf2 Rxf2 49. Bxf2 Rf7 50. Rf1 c3 51. Qxc3 Rf3+ 52. Kd2 Rxc3 53. Kxc3 Qe2 54.
Rb1 Qf3+ 55. Kb2 Qxf2+ 56. Ka3 Qe3+ 57. Rb3 Qc1+ 58. Ka2 a6 59. Rf3 Qc4+ 60. Ka3
Qxd4 61. Rf6 Qxe5 62. Rxa6 Qc3+ 63. Ka4 d4 64. Rd6 d3 65. a6 d2 66. a7 Qa1+ 67.
Kb5 Qe5+ 68. Kc6 Qxd6+ 69. Kxd6 d1=Q+ 70. Kc7 Qa4 71. Kb7 Qxb4+ 72. Kc7 Qe4 73.
Kb8 Kf6 0-1

[Event "45th Rilton Cup 2015-16"]
[Site "Stockholm SWE"]
[Date "2016.01.02"]
[Round "6.46"]
[White "Berglind, Axel"]
[Black "Ask, Josef"]
[Result "0-1"]
[WhiteElo "2023"]
[BlackElo "2180"]
[WhiteFideId "1720228"]
[BlackFideId "1704583"]
[EventDate "2015.12.27"]

1. c4 g6 2. Nf3 Bg7 3. g3 d6 4. Bg2 e5 5. d3 h6 6. O-O Nf6 7. Nc3 O-O 8. Rb1 a5
9. a3 Re8 10. b4 axb4 11. axb4 e4 12. dxe4 Nxe4 13. Nxe4 Rxe4 14. e3 Re8 15. Nd4
Nd7 16. Bb2 Ne5 17. Nb5 Bg4 18. Qc2 Nf3+ 19. Bxf3 Bxf3 20. Bxg7 Kxg7 21. Nd4 Be4
22. Qc3 Qf6 23. Ra1 c5 24. bxc5 dxc5 25. Nb5 Qxc3 26. Nxc3 Bd3 27. Rxa8 Rxa8 28.
Rc1 Bxc4 29. Ne4 b5 30. Nxc5 Ra2 31. Ne4 Rb2 32. Nd6 Be6 33. Ra1 b4 34. Ra7 b3
35. e4 Rd2 36. Ne8+ Kf8 37. Ra8 b2 38. Rb8 Rd1+ 0-1

[Event "45th Rilton Cup 2015-16"]
[Site "Stockholm SWE"]
[Date "2016.01.03"]
[Round "7.1"]
[White "Hammer, Jon Ludvig"]
[Black "Donchenko, Alexander"]
[Result "1/2-1/2"]
[WhiteTitle "GM"]
[BlackTitle "GM"]
[WhiteElo "2695"]
[BlackElo "2588"]
[WhiteFideId "1503707"]
[BlackFideId "24603295"]
[EventDate "2015.12.27"]

1. Nf3 Nf6 2. g3 d5 3. Bg2 e6 4. d4 b5 5. b3 Bb7 6. c4 bxc4 7. bxc4 dxc4 8. Qa4+
Nbd7 9. O-O Be7 10. Ne5 Bxg2 11. Kxg2 c5 12. dxc5 O-O 13. Nc6 Nxc5 14. Qxc4 Qc7
15. Nxe7+ Qxe7 16. Ba3 Rfc8 17. Kg1 Qb7 18. Bxc5 Ne4 19. Nc3 Nxc5 20. Rab1 Qe7
21. Rfc1 h6 22. Ne4 Nxe4 23. Qxe4 Rxc1+ 24. Rxc1 Rd8 25. h4 Qa3 26. Rc2 Qa5 27.
Kg2 a6 28. Qf4 Qd5+ 29. e4 Qd3 30. Rc7 Rd7 1/2-1/2

[Event "45th Rilton Cup 2015-16"]
[Site "Stockholm SWE"]
[Date "2016.01.03"]
[Round "7.3"]
[White "Hillarp Persson, Tiger"]
[Black "Socko, Bartosz"]
[Result "1/2-1/2"]
[WhiteTitle "GM"]
[BlackTitle "GM"]
[WhiteElo "2521"]
[BlackElo "2587"]
[WhiteFideId "1700812"]
[BlackFideId "1107038"]
[EventDate "2015.12.27"]

1. d4 e6 2. c4 Nf6 3. Nc3 Bb4 4. e3 O-O 5. Bd3 d5 6. Nf3 b6 7. O-O Ba6 8. cxd5
exd5 9. Bxa6 Nxa6 10. Bd2 Re8 11. Rc1 Bf8 12. Qa4 Qc8 13. Ne2 c5 14. dxc5 Nxc5
15. Qc2 Qa6 16. Nc3 Rac8 17. Rcd1 Nce4 18. Qb3 Qc4 19. Be1 Qxb3 20. axb3 Red8
21. Nd4 Nxc3 22. Bxc3 Ne4 23. Rd3 g6 24. Rfd1 Nc5 25. R3d2 Ne4 26. Rd3 Nc5 27.
R3d2 Ne4 1/2-1/2

[Event "45th Rilton Cup 2015-16"]
[Site "Stockholm SWE"]
[Date "2016.01.03"]
[Round "7.5"]
[White "Ivanov, Sergey"]
[Black "Meskovs, Nikita"]
[Result "1/2-1/2"]
[WhiteTitle "GM"]
[BlackTitle "IM"]
[WhiteElo "2556"]
[BlackElo "2511"]
[WhiteFideId "4101375"]
[BlackFideId "11602740"]
[EventDate "2015.12.27"]

1. Nf3 c5 2. c4 Nf6 3. Nc3 d5 4. cxd5 Nxd5 5. d4 g6 6. e4 Nxc3 7. bxc3 Bg7 8.
Bb5+ Nd7 9. O-O O-O 10. Bg5 Nf6 11. Re1 a6 12. Bf1 h6 13. Bf4 cxd4 14. cxd4 Bg4
15. Rb1 b5 16. d5 e6 17. d6 Nh5 18. Bc1 Bc3 19. Re3 Be5 20. Rd3 Nf4 21. Bxf4
Bxf4 22. h3 Bxf3 23. Qxf3 Be5 24. Rbd1 Qb6 25. Qe2 Rfd8 26. d7 b4 27. Qc2 Ra7
28. Qa4 Qb5 29. Qxb5 axb5 30. Rb3 Bc3 31. Bxb5 Rxa2 32. g3 Kf8 33. Kg2 Ke7 34.
Rbb1 Ra5 35. Bc6 Rc5 36. Ba4 Ra8 37. Rd3 Kd8 38. Bb3 Rc7 39. Rbd1 Ra3 40. Rf3
Rxd7 41. Rxf7 Rxd1 42. Bxd1 b3 43. Rf3 b2 44. Bc2 e5 45. Rd3+ Ke7 46. Bb1 g5 47.
g4 Ra1 48. Rxc3 Rxb1 49. Rb3 Kd6 50. Rb8 Kc5 51. Kf3 Kd4 52. Rd8+ Kc3 53. Rc8+
Kd2 54. Rb8 Ke1 55. Kg2 Ke2 56. Rb7 Kd1 57. Kf3 Kc2 58. Rc7+ Kd2 59. Rb7 Ke1 60.
Kg2 Ke2 61. Rb8 Kd3 62. Kf3 Kd2 63. Rb7 Kc2 64. Rc7+ Kd1 65. Rb7 Ke1 66. Kg2 Ke2 1/2-1/2

[Event "45th Rilton Cup 2015-16"]
[Site "Stockholm SWE"]
[Date "2016.01.03"]
[Round "7.6"]
[White "Alekseev, Evgeny"]
[Black "Vuilleumier, Alexandre"]
[Result "1-0"]
[WhiteTitle "GM"]
[BlackTitle "IM"]
[WhiteElo "2642"]
[BlackElo "2342"]
[WhiteFideId "4138147"]
[BlackFideId "1305662"]
[EventDate "2015.12.27"]

1. e4 e5 2. Nf3 Nc6 3. Bb5 f5 4. Nc3 fxe4 5. Nxe4 Nf6 6. Qe2 d5 7. Nxf6+ gxf6 8.
d4 e4 9. Nh4 Be6 10. O-O Qd6 11. Qh5+ Bf7 12. Qf5 Be6 13. Bf4 Qd7 14. Qh5+ Bf7
15. Qd1 O-O-O 16. f3 Rg8 17. fxe4 dxe4 18. c3 a6 19. Ba4 Bc4 20. Rf2 Rg4 21. g3
Rxh4 22. gxh4 Re8 23. Qd2 e3 24. Bxe3 Bd5 25. Re1 Qg4+ 26. Rg2 Bxg2 27. Qxg2
Qxh4 28. Qg3 Qxg3+ 29. hxg3 Bd6 30. Kg2 Rg8 31. Bf2 Ne7 32. Kf3 Rg7 33. Rh1 c6
34. Bc2 Ng6 35. c4 Kd7 36. Bf5+ Kd8 37. c5 Bc7 38. g4 b6 39. b4 a5 40. bxa5 bxa5
41. Be3 Re7 42. g5 1-0

[Event "45th Rilton Cup 2015-16"]
[Site "Stockholm SWE"]
[Date "2016.01.03"]
[Round "7.7"]
[White "Goganov, Aleksey"]
[Black "Schekachikhin, Maksim"]
[Result "1-0"]
[WhiteTitle "GM"]
[BlackTitle "FM"]
[WhiteElo "2597"]
[BlackElo "2321"]
[WhiteFideId "24109959"]
[BlackFideId "24177830"]
[EventDate "2015.12.27"]

1. d4 Nf6 2. c4 e6 3. Nc3 Bb4 4. e3 c5 5. Ne2 cxd4 6. exd4 O-O 7. a3 Be7 8. Nf4
d6 9. Be2 a6 10. Be3 Nbd7 11. O-O Qc7 12. Rc1 b6 13. b4 Bb7 14. d5 e5 15. Nd3
Rfe8 16. f3 Rac8 17. g4 h6 18. Nf2 Qd8 19. Qd2 a5 20. Nb5 Ra8 21. Nc3 Ba6 22.
Bd3 axb4 23. axb4 Rc8 24. Nce4 Bf8 25. Nxf6+ Nxf6 26. Ne4 Nxe4 27. fxe4 Qh4 28.
Qg2 Rb8 29. h3 Bc8 30. Ra1 h5 31. Be2 hxg4 32. hxg4 Be7 33. Qf3 Rf8 34. Ra7 Qf6
35. Qg3 Qh4 36. Qxh4 Bxh4 37. Rc7 b5 38. c5 dxc5 39. Bxc5 Bd8 40. Ra7 Bb6 41.
Re7 f6 42. Bxb6 Rxb6 43. Rc1 Kh7 44. Rcc7 Rg8 45. Rc6 Rxc6 46. dxc6 Rd8 47. c7
Rd2 48. Bxb5 Rd4 49. Re8 Bxg4 50. Be2 Bh3 51. b5 Rd2 52. b6 Rb2 53. Bf1 Rb1 54.
Kh2 Bd7 55. Rd8 Be6 56. Bc4 Bg4 57. Rb8 Rb4 58. b7 1-0

[Event "45th Rilton Cup 2015-16"]
[Site "Stockholm SWE"]
[Date "2016.01.03"]
[Round "7.8"]
[White "Semcesen, Daniel"]
[Black "Cramling, Pia"]
[Result "1/2-1/2"]
[WhiteTitle "GM"]
[BlackTitle "GM"]
[WhiteElo "2431"]
[BlackElo "2523"]
[WhiteFideId "1706993"]
[BlackFideId "1700030"]
[EventDate "2015.12.27"]

1. d4 Nf6 2. c4 e6 3. Nc3 Bb4 4. Qc2 O-O 5. a3 Bxc3+ 6. Qxc3 b6 7. Nf3 d6 8. e3
Bb7 9. Be2 Nbd7 10. O-O Ne4 11. Qc2 f5 12. b4 c5 13. Bb2 Rc8 14. Rac1 Rc7 15.
Rfd1 Qe7 16. Qb3 Rfc8 17. Nd2 Nxd2 18. Rxd2 cxd4 19. Rxd4 b5 20. Qd1 bxc4 21.
Rdxc4 Rxc4 22. Rxc4 Rxc4 23. Bxc4 Nb6 24. Be2 Qc7 25. Qc1 Qxc1+ 26. Bxc1 Kf7 27.
Bb2 e5 28. f4 Ke6 29. Kf2 Bd5 30. g4 Be4 31. h4 Kd5 32. Ba6 Ke6 33. Be2 Kd5 34.
Ba6 Ke6 35. Be2 Kd5 1/2-1/2

[Event "45th Rilton Cup 2015-16"]
[Site "Stockholm SWE"]
[Date "2016.01.03"]
[Round "7.9"]
[White "Poetsch, Hagen"]
[Black "Sjodahl, Pontus"]
[Result "0-1"]
[WhiteTitle "IM"]
[BlackTitle "IM"]
[WhiteElo "2509"]
[BlackElo "2404"]
[WhiteFideId "24615137"]
[BlackFideId "1700537"]
[EventDate "2015.12.27"]

1. e4 e6 2. d4 d5 3. Nc3 Bb4 4. e5 c5 5. a3 Bxc3+ 6. bxc3 Qa5 7. Bd2 Qa4 8. Nf3
b6 9. Bd3 Ba6 10. O-O Ne7 11. Be3 Nd7 12. Bxa6 Qxa6 13. a4 O-O 14. a5 bxa5 15.
dxc5 Rfc8 16. Qc1 Ng6 17. Bd4 Nxc5 18. Ra3 Ne4 19. Qe3 Rc4 20. Rfa1 a4 21. Ne1
Qb5 22. f3 Nc5 23. Nd3 Nd7 24. R3a2 Nb6 25. Qe1 h6 26. Nb2 Rc7 27. Nxa4 Nxa4 28.
Rxa4 a5 29. c4 Rxc4 30. Rxa5 Rxa5 31. Rxa5 Qc6 32. c3 Ra4 33. Rxa4 Qxa4 34. Qb1
Nf4 35. Qb8+ Kh7 36. Qb1+ Kg8 37. Qb8+ Kh7 38. Qb1+ g6 39. Kf2 Qc4 40. Qc2 Kg7
41. g3 Nd3+ 42. Ke3 Nb4 43. Qd2 Nc6 44. Kf2 Qb3 45. Qf4 Qc2+ 46. Kg1 Qe2 47. h4
Kg8 48. Kh1 Ne7 49. Kg1 Qe1+ 50. Kg2 Nf5 51. Kh2 Kf8 52. Bc5+ Kg7 53. Bd4 Kg8
54. Kg2 h5 55. Kh2 Qf1 56. g4 Nxh4 57. Kg3 Ng2 58. Qd2 h4+ 59. Kh2 Ne1 0-1

[Event "45th Rilton Cup 2015-16"]
[Site "Stockholm SWE"]
[Date "2016.01.03"]
[Round "7.10"]
[White "Kolosowski, Mateusz"]
[Black "Blomqvist, Erik"]
[Result "0-1"]
[WhiteTitle "IM"]
[BlackTitle "GM"]
[WhiteElo "2423"]
[BlackElo "2493"]
[WhiteFideId "1129708"]
[BlackFideId "1709437"]
[EventDate "2015.12.27"]

1. d4 Nf6 2. c4 e6 3. Nc3 Bb4 4. e3 O-O 5. Ne2 Re8 6. a3 Bf8 7. Ng3 d5 8. Be2 b6
9. cxd5 exd5 10. O-O Ba6 11. Bd2 c5 12. dxc5 bxc5 13. Rc1 g6 14. Na4 Bxe2 15.
Qxe2 Nbd7 16. Rfd1 Qb8 17. Qf3 Qb3 18. Nc3 Bg7 19. Be1 Nb6 20. Qe2 Rab8 21. Qc2
Qxc2 22. Rxc2 d4 23. exd4 cxd4 24. Nce2 Rbd8 25. Rcd2 Nfd5 26. b3 h5 27. h4 f5
28. Kf1 f4 29. Nh1 Rd7 30. Rd3 Bf6 31. Nxd4 Bxh4 32. Nf3 Bf6 33. a4 Red8 34. Ke2
g5 35. a5 Nc8 36. Nd4 Nce7 37. Ne6 Re8 38. Kf1 Kf7 39. Nc5 Rd6 40. g3 g4 41.
gxf4 h4 42. f5 Rdd8 43. b4 g3 44. Ne6 Rd6 45. Kg1 Nxf5 46. Rxd5 Rdxe6 47. Bd2
Kg6 48. Kg2 Re2 49. Bf4 R8e4 50. Bb8 Ne3+ 51. Kf3 Nxd1 52. Rxd1 Re1 53. Rxe1
Rxe1 54. Nxg3 hxg3 55. Bxa7 gxf2 56. Bxf2 Re6 57. Bb6 Kf5 58. b5 Re5 0-1

[Event "45th Rilton Cup 2015-16"]
[Site "Stockholm SWE"]
[Date "2016.01.03"]
[Round "7.11"]
[White "Andersen, Mads"]
[Black "Cukrowski, Filip"]
[Result "1-0"]
[WhiteTitle "IM"]
[WhiteElo "2474"]
[BlackElo "2320"]
[WhiteFideId "1413864"]
[BlackFideId "1171097"]
[EventDate "2015.12.27"]

1. d4 Nf6 2. c4 g6 3. Nf3 Bg7 4. Nc3 O-O 5. Bg5 d6 6. e3 Nbd7 7. Be2 e5 8. dxe5
dxe5 9. Qc2 c6 10. O-O Qc7 11. Rfd1 Nc5 12. Bxf6 Bxf6 13. b4 Ne6 14. Nd2 Bg7 15.
c5 f5 16. Nc4 Ng5 17. Nd6 Be6 18. Rab1 Rad8 19. b5 Nf7 20. bxc6 Nxd6 21. Rxd6
Rxd6 22. Nb5 Qxc6 23. Nxd6 b6 24. Bc4 Qd7 25. Qb3 Bxc4 26. Nxc4 Kh8 27. cxb6
axb6 28. Nxb6 Qa7 29. a4 f4 30. e4 Qe7 31. a5 f3 32. gxf3 Qg5+ 33. Kf1 Qd2 34.
a6 Qa5 35. Qd3 g5 36. Nd7 Rd8 37. Rb8 Rxb8 38. Nxb8 h5 39. Nc6 Qa1+ 40. Kg2 Kh7
41. a7 g4 42. fxg4 hxg4 43. Qd7 Qa4 44. Qf5+ Kh8 45. Ne7 1-0

[Event "45th Rilton Cup 2015-16"]
[Site "Stockholm SWE"]
[Date "2016.01.03"]
[Round "7.12"]
[White "Goluch, Piotr"]
[Black "Zumsande, Martin"]
[Result "0-1"]
[BlackTitle "IM"]
[WhiteElo "2297"]
[BlackElo "2442"]
[WhiteFideId "1137840"]
[BlackFideId "4651324"]
[EventDate "2015.12.27"]

1. d4 d5 2. Nf3 e6 3. c4 Nf6 4. g3 Bb4+ 5. Bd2 a5 6. Bg2 dxc4 7. O-O O-O 8. Bg5
Nc6 9. Nc3 h6 10. Bxf6 Qxf6 11. Nb5 Na7 12. Nxa7 Rxa7 13. Ne5 Rd8 14. e3 Bd7 15.
Qh5 Bb5 16. Rfc1 c6 17. a3 Bf8 18. Rc2 c5 19. a4 Ba6 20. Rd1 cxd4 21. exd4 g6
22. Qf3 Qxf3 23. Bxf3 Raa8 24. d5 Bg7 25. Nxc4 exd5 26. Nb6 Rab8 27. Bxd5 Be5
28. f4 Bd6 29. Kg2 Kg7 30. Kf3 Rf8 31. Nd7 Rbc8 32. Rxc8 Rxc8 33. Bxf7 Bxf4 34.
gxf4 Kxf7 35. Ne5+ Ke6 36. Nxg6 Rc2 37. b3 Be2+ 0-1

[Event "45th Rilton Cup 2015-16"]
[Site "Stockholm SWE"]
[Date "2016.01.03"]
[Round "7.13"]
[White "Martynov, Pavel2"]
[Black "Tari, Aryan"]
[Result "0-1"]
[WhiteTitle "FM"]
[BlackTitle "IM"]
[WhiteElo "2380"]
[BlackElo "2556"]
[WhiteFideId "4122186"]
[BlackFideId "1510045"]
[EventDate "2015.12.27"]

1. e4 c5 2. Nf3 d6 3. d4 cxd4 4. Qxd4 Nf6 5. Nc3 Nc6 6. Bb5 Bd7 7. Bxc6 Bxc6 8.
Bg5 e6 9. O-O-O Be7 10. Rhe1 O-O 11. Kb1 h6 12. Bh4 Qa5 13. Qd2 Qb6 14. Nd4 Rfc8
15. f3 Be8 16. Bf2 Qa6 17. g4 Nd7 18. f4 Nb6 19. Nb3 Nc4 20. Qd3 b5 21. h4 b4
22. Ne2 Bb5 23. Qf3 Nxb2 24. Ned4 Nxd1 25. Rxd1 Rc3 26. Qg2 Rac8 27. g5 hxg5 28.
hxg5 Rxc2 29. Nxc2 Rxc2 30. Kxc2 Qxa2+ 31. Kc1 Qxb3 32. Bd4 Bd3 33. Qb2 Qc4+ 34.
Kd2 Bxe4 35. Ke3 d5 36. Bxg7 Bc5+ 37. Bd4 b3 38. Qa1 a5 39. Qxa5 Bxd4+ 40. Rxd4
Qc1+ 41. Rd2 Qg1+ 42. Rf2 Qg3+ 0-1

[Event "45th Rilton Cup 2015-16"]
[Site "Stockholm SWE"]
[Date "2016.01.03"]
[Round "7.14"]
[White "Martins, David Pires Tavares"]
[Black "Miezis, Normunds"]
[Result "0-1"]
[WhiteTitle "FM"]
[BlackTitle "GM"]
[WhiteElo "2372"]
[BlackElo "2493"]
[WhiteFideId "1909991"]
[BlackFideId "11600136"]
[EventDate "2015.12.27"]

1. Nf3 c5 2. c4 Nc6 3. d4 cxd4 4. Nxd4 Nf6 5. Nc3 e6 6. g3 a6 7. Bg2 h5 8. h3
Qc7 9. Nf3 Bc5 10. Bg5 b5 11. cxb5 axb5 12. O-O b4 13. Bxf6 gxf6 14. Ne4 Be7 15.
Nd4 f5 16. Nb5 Qe5 17. Ned6+ Bxd6 18. Nxd6+ Ke7 19. Nc4 Qc5 20. Rc1 Ba6 21. b3
Rhg8 22. Qd2 Rxg3 23. Ne3 Qd4 24. Qxd4 Rxg2+ 25. Kxg2 Nxd4 26. Rfd1 Nxe2 27. Rc7
Bb5 28. Rc2 Nf4+ 29. Kh2 d5 30. Rc5 Bd3 31. Ng2 Nxg2 32. Rxd3 Nh4 33. Kg3 Ng6
34. Rd2 h4+ 35. Kf3 Rb8 36. Ke3 Kd6 37. Ra5 Ke5 38. Rd4 f4+ 39. Kd3 Kf5 40. Rc5
Ne5+ 41. Ke2 Rb7 42. Rc8 Rb6 43. Rh8 Ng6 44. Rc8 Ke5 45. Rd2 Ke4 46. f3+ Ke5 47.
Rc7 Kf6 48. Rd4 Rb5 49. Rd1 Ne7 50. Kd3 e5 51. Rdc1 Ke6 52. Ra7 Rb6 53. Rcc7 Nc6
54. Ra8 f5 55. Rh7 e4+ 56. Kd2 Ke5 57. Rh6 Kd4 58. Rc8 Kc5 59. Rxh4 Ra6 60. Rxf4
Kd4 61. Rxf5 Rxa2+ 62. Kd1 Ne7 63. fxe4 Nxc8 64. Rxd5+ Kxe4 65. Rb5 Kd3 66. Kc1
Kc3 67. Rc5+ Kxb3 68. Rxc8 Ra1+ 69. Kd2 Rh1 70. Rb8 Rxh3 71. Kc1 Rh1+ 72. Kd2
Rb1 73. Rh8 Kb2 74. Rh2 b3 75. Kd3+ Ka3 76. Rh8 Rd1+ 77. Kc3 Rc1+ 78. Kd2 b2 79.
Ra8+ Kb3 80. Rb8+ Ka2 81. Ra8+ Kb1 82. Rh8 Rc4 83. Rh7 Ra4 84. Kc3 Ka1 85. Rh1+
b1=Q 86. Rd1 Ra3+ 0-1

[Event "45th Rilton Cup 2015-16"]
[Site "Stockholm SWE"]
[Date "2016.01.03"]
[Round "7.15"]
[White "Salomon, Johan"]
[Black "Bellon Lopez, Juan Manuel"]
[Result "1/2-1/2"]
[WhiteTitle "IM"]
[BlackTitle "GM"]
[WhiteElo "2438"]
[BlackElo "2376"]
[WhiteFideId "1509500"]
[BlackFideId "2200031"]
[EventDate "2015.12.27"]

1. d4 Nf6 2. c4 c6 3. Nf3 d5 4. e3 Bf5 5. Nc3 e6 6. Be2 Nbd7 7. Nh4 Be4 8. f3
Bg6 9. g3 Be7 10. cxd5 exd5 11. O-O Qc7 12. Nxg6 hxg6 13. e4 Nf8 14. exd5 Nxd5
15. Nxd5 cxd5 16. Bb5+ Kd8 17. Qb3 Ne6 18. Qxd5+ Bd6 19. Re1 Ke7 20. Bg5+ Kf8
21. Rac1 Qb6 22. Rxe6 fxe6 23. Qxe6 Qxd4+ 24. Be3 Qe5 25. Rc8+ Rxc8 26. Qxc8+
Kf7 27. Bc4+ Ke7 28. Bg5+ Qxg5 29. Qe6+ Kd8 30. Qxd6+ Ke8 31. f4 Qe7 32. Bb5+
Kf7 33. Bc4+ Kf8 34. Qb8+ Qe8 35. Qd6+ Qe7 36. Qb8+ Qe8 37. Qxb7 Qe3+ 38. Kg2
Qd2+ 39. Kf3 Qd1+ 40. Ke3 Qg1+ 41. Kd3 Qd1+ 42. Kc3 Qe1+ 43. Kb3 Qe3+ 44. Ka4
Qe7 45. Qc8+ Qe8+ 46. Qxe8+ Kxe8 47. h4 Kd7 48. Bd3 Rb8 49. b4 Rb6 50. Bc4 Rd6
51. Kb5 Rd2 52. a4 Kc7 53. Bf7 Rg2 54. Bxg6 Rxg3 55. h5 Rg4 56. f5 Kd6 57. a5
a6+ 58. Ka4 Rg3 59. Bf7 Rg5 60. Bg6 Rg3 61. Bf7 Rg5 62. Bg6 Rg3 63. Bf7 Rg5 64.
Bg6 1/2-1/2

[Event "45th Rilton Cup 2015-16"]
[Site "Stockholm SWE"]
[Date "2016.01.03"]
[Round "7.16"]
[White "Arman, Deniz"]
[Black "Socko, Monika"]
[Result "0-1"]
[WhiteTitle "FM"]
[BlackTitle "GM"]
[WhiteElo "2332"]
[BlackElo "2437"]
[WhiteFideId "6302106"]
[BlackFideId "1106619"]
[EventDate "2015.12.27"]

1. e4 g6 2. d4 d6 3. Be3 Bg7 4. Qd2 c6 5. f3 Nd7 6. Bd3 e5 7. c3 Ngf6 8. Na3 d5
9. O-O-O O-O 10. Bc2 Qa5 11. Bh6 Re8 12. Bxg7 Kxg7 13. f4 exd4 14. e5 Ne4 15.
Qxd4 Ndc5 16. Nf3 Bf5 17. Qe3 Ne6 18. Nd4 Nxd4 19. Rxd4 Nd6 20. Ra4 Qd8 21. Rxa7
Rb8 22. Qd4 Nc8 23. Ra4 b5 24. Rb4 Ne7 25. Qf2 Qc8 26. Bxf5 Qxf5 27. Nc2 Qc8 28.
Qc5 Qg4 29. g3 Qe2 30. Rd1 Qxh2 31. Qe3 Nf5 32. Qc5 Rbc8 33. g4 Ng3 34. Qe3 Kg8
35. Rbd4 Ne2+ 36. Kb1 Nxd4 37. cxd4 h5 38. Qc1 h4 39. f5 Kg7 40. f6+ Kh7 41. Rh1
Qg3 42. Qg5 h3 43. Ne3 h2 44. a4 Ra8 45. Nf1 Qe1+ 46. Kc2 Qe4+ 47. Kd2 Qg2+ 48.
Ke1 Qxh1 49. Qh4+ Kg8 50. Qh6 Qe4+ 51. Kd1 Qxd4+ 52. Kc2 Qxa4+ 53. Kd3 Qe4+ 54.
Kc3 Qc4+ 55. Kd2 Qf4+ 56. Qxf4 h1=Q 57. Ne3 Ra1 58. Kc3 c5 59. Nc2 d4+ 60. Kd3
Qd1+ 0-1

[Event "45th Rilton Cup 2015-16"]
[Site "Stockholm SWE"]
[Date "2016.01.03"]
[Round "7.17"]
[White "Thorn, Eric"]
[Black "Johansson, Linus"]
[Result "1-0"]
[BlackTitle "IM"]
[WhiteElo "2140"]
[BlackElo "2423"]
[WhiteFideId "1710729"]
[BlackFideId "1711113"]
[EventDate "2015.12.27"]

1. d4 e6 2. c4 Nf6 3. Nf3 b6 4. g3 Ba6 5. Qa4 Bb7 6. Bg2 Be7 7. O-O O-O 8. Nc3
Ne4 9. Nxe4 Bxe4 10. Ne1 Bxg2 11. Nxg2 d6 12. e4 Bf6 13. Be3 c5 14. Rad1 Qe8 15.
Qxe8 Rxe8 16. b3 Nc6 17. e5 Be7 18. exd6 Bxd6 19. dxc5 Bxc5 20. Bxc5 bxc5 21.
Nf4 Rec8 22. Nd3 Ne7 23. Rd2 Kf8 24. Rfd1 Ke8 25. Kg2 a5 26. Nb2 Ra7 27. Na4 Nf5
28. g4 Nh6 29. h3 f5 30. Kg3 fxg4 31. hxg4 Nf7 32. Re1 Rc6 33. f4 Rd7 34. Rd5
Rdc7 35. f5 e5 36. Nb2 Ke7 37. Nd3 a4 38. Nxe5 Nxe5 39. Rdxe5+ Kf7 40. Kf4 h6
41. R1e3 Rb6 42. Re6 Rb8 43. Rd3 axb3 44. axb3 Re7 45. Rc6 Rb4 46. Rxc5 Reb7 47.
Ke5 R4b6 48. Rcd5 Ke8 49. c5 Rxb3 50. Rxb3 Rxb3 51. c6 Rc3 52. Kd6 Kd8 53. Ra5
Rd3+ 54. Ke6 Rg3 55. Ra4 Kc7 56. Kf7 h5 57. gxh5 Kxc6 58. Rh4 Kd5 59. f6 gxf6
60. h6 1-0

[Event "45th Rilton Cup 2015-16"]
[Site "Stockholm SWE"]
[Date "2016.01.03"]
[Round "7.18"]
[White "Hagen, Andreas Skytte"]
[Black "Mikalsen, Erlend"]
[Result "1-0"]
[WhiteTitle "IM"]
[BlackTitle "FM"]
[WhiteElo "2395"]
[BlackElo "2313"]
[WhiteFideId "1407341"]
[BlackFideId "1507338"]
[EventDate "2015.12.27"]

1. d4 Nf6 2. c4 e6 3. Nf3 b6 4. g3 Ba6 5. b3 Bb4+ 6. Bd2 Be7 7. Bg2 O-O 8. O-O
d5 9. Ne5 c6 10. Bc3 Nfd7 11. Nxd7 Nxd7 12. Nd2 f5 13. a4 Nf6 14. a5 Bd6 15. Qc2
Qe7 16. Ra2 b5 17. c5 Bc7 18. b4 Bc8 19. Nf3 Bd7 20. Bd2 Be8 21. Bf4 Bxf4 22.
gxf4 Ne4 23. Ne5 Qh4 24. f3 Nf6 25. e3 Nh5 26. Qf2 Qf6 27. Kh1 a6 28. Rg1 Kh8
29. Bf1 Ra7 30. Bd3 h6 31. Kg2 g6 32. Kf1 Rg7 33. Ke2 Rfg8 34. Raa1 g5 35. fxg5
Rxg5 36. f4 Rxg1 37. Rxg1 Rxg1 38. Qxg1 Qh4 39. Qg2 Nf6 40. Qg3 Qxg3 41. hxg3
Ng4 42. Nxg4 Bh5 43. Bxb5 Bxg4+ 44. Kd2 cxb5 45. c6 1-0

[Event "45th Rilton Cup 2015-16"]
[Site "Stockholm SWE"]
[Date "2016.01.03"]
[Round "7.19"]
[White "Nilsen, Joachim Birger"]
[Black "Sagit, Rauan"]
[Result "1-0"]
[WhiteTitle "FM"]
[BlackTitle "FM"]
[WhiteElo "2382"]
[BlackElo "2375"]
[WhiteFideId "1506331"]
[BlackFideId "1708376"]
[EventDate "2015.12.27"]

1. c4 e5 2. g3 Nf6 3. Bg2 d5 4. cxd5 Nxd5 5. Nc3 Nb6 6. Nf3 Nc6 7. O-O Be7 8. a3
O-O 9. b4 a6 10. Rb1 Re8 11. d3 Bf8 12. Bb2 a5 13. b5 Nd4 14. Nd2 a4 15. Nc4
Nxc4 16. dxc4 Bf5 17. Bxb7 Bxb1 18. Qxb1 Rb8 19. Be4 c6 20. e3 cxb5 21. exd4
bxc4 22. d5 g6 23. Qc1 f5 24. Bc2 Bh6 25. Qxh6 Rxb2 26. Qc1 Qb8 27. Bxa4 Rd8 28.
Nd1 Rb1 29. Qxc4 Qd6 30. Nc3 Rxf1+ 31. Kxf1 Qxa3 32. d6+ Kh8 33. Nb5 Qf3 34. Kg1
Qe4 35. Qxe4 fxe4 36. Kf1 Kg7 37. Nc7 Kf7 38. Bb3+ Kf6 39. Ke2 Kf5 40. Be6+ Kf6
41. Bd5 Kf5 42. Nb5 Kf6 43. Ke3 g5 44. g4 h5 45. h3 h4 46. Nc3 Kg7 47. Nxe4 Kf8
48. Bc6 1-0

[Event "45th Rilton Cup 2015-16"]
[Site "Stockholm SWE"]
[Date "2016.01.03"]
[Round "7.20"]
[White "Westerberg, Jonathan"]
[Black "Radionov, Timur"]
[Result "1-0"]
[WhiteTitle "IM"]
[BlackTitle "FM"]
[WhiteElo "2497"]
[BlackElo "2321"]
[WhiteFideId "1701754"]
[BlackFideId "34178772"]
[EventDate "2015.12.27"]

1. d4 Nf6 2. Nf3 g6 3. b4 Bg7 4. Bb2 O-O 5. c4 d5 6. e3 Bf5 7. Nbd2 c6 8. Be2
Ne4 9. O-O Nd7 10. Nxe4 Bxe4 11. Ng5 Bf5 12. cxd5 cxd5 13. g4 e5 14. dxe5 Nxe5
15. f4 Nxg4 16. Bxg7 Nxe3 17. Qd4 Nc2 18. Qf6 Qxf6 19. Bxf6 Nxa1 20. Rxa1 Rfe8
21. Bb5 Rec8 22. Nf3 a6 23. Bf1 Rc6 24. Bd4 Rac8 25. Bc5 Be4 26. Ne5 Rf6 27. Bh3
Bf5 28. Nd7 Re6 29. Bxf5 gxf5 30. Rd1 b6 31. Nxb6 Rce8 32. Nxd5 Re1+ 33. Rxe1
Rxe1+ 34. Kf2 Ra1 35. Ne7+ Kf8 36. Nxf5+ Ke8 37. Nd6+ Ke7 38. Ne4+ Ke6 39. Nc3
Kf5 40. Be3 Rh1 41. Kg2 Re1 42. Bd2 Ra1 43. a4 Ra3 44. Kf3 Rb3 45. b5 axb5 46.
axb5 Rb2 47. Ke3 Kg4 48. Kd3 h5 49. Bc1 Rb4 50. Ba3 Rxf4 51. b6 Rf6 52. Nd5 Re6
53. b7 Re8 54. Nf6+ 1-0